Statistics for Premier League Stadiums

Click here to take the quiz!

General Stats

  • This quiz has been taken 3,933 times
  • The average score is 10 of 15

Answer Stats

HintAnswer% Correct
Manchester UnitedOld Trafford
99%
ChelseaStamford Bridge
90%
TottenhamWhite Hart Lane
89%
LiverpoolAnfield
89%
ArsenalEmirates Stadium
71%
NewcastleSt James' Park
70%
SunderlandStadium of Light
69%
EvertonGoodison Park
67%
Manchester CityEtihad Stadium
65%
Aston VillaVilla Park
64%
SouthamptonSt Mary's
63%
QPRLoftus Road
60%
West HamUpton Park
53%
SwanseaLiberty Stadium
47%
WiganDW Stadium
40%

Score Distribution

Percentile by Number Answered

Percent of People with Each Score

Your Score History

You have not taken this quiz